Prepositions in Novel Titles III Quiz Stats

 Plays Quiz not verified by Sporcle

Score 0/20 Timer 03:00
6 Plays Today
% Correct
From
94.2%
Than
93.8%
With
92.7%
To
92.4%
On
92.1%
Under
91.3%
Out
83.7%
As
81.3%
Of
70.6%
For
69.7%
% Correct
Beneath
69.6%
Like
65.5%
About
65.3%
After
64.1%
Over
61.4%
Between
53.4%
Before
52.6%
In
34.4%
At
24.6%
Until
22.3%

You're not logged in!

Compare scores with friends on all Sporcle quizzes.
OR
Log In

Show Comments

Extras

Top Quizzes Today


Score Distribution

Your Account Isn't Verified!

In order to create a playlist on Sporcle, you need to verify the email address you used during registration. Go to your Sporcle Settings to finish the process.

Report this User

Report this user for behavior that violates our Community Guidelines.

Details: